|
|
|
|
| LEADER |
01486nam a2200277 a 4500 |
| 001 |
GR-MES16587 |
| 008 |
140715s2014 gr gz 000 0 gre d |
| 040 |
|
|
|a GrPaTEI
|b gre
|c GR-PaULI
|
| 040 |
|
|
|a GrPaTEI
|b gre
|c GR-PaULI
|
| 100 |
1 |
|
|a Παρίσης, Αλέξανδρος
|
| 245 |
1 |
0 |
|a Δημόσια οικονομικά και Μακροοικονομική ανάπτυξη :
|b ο ρόλος του κράτους στην οικονομία /
|c Σπουδαστής:Αλέξανδρος Παρίσης ; Επιβλέπων:Αλέξανδρος Ντόκας.
|
| 260 |
|
|
|a Μεσολόγγι :
|b ΤΕΙ Δυτικής Ελλάδας,
|c 2014
|
| 300 |
|
|
|a 78 σ :
|b εικ.,σχημ.
|
| 504 |
|
|
|a βιβλιογραφία:σ.64
|
| 650 |
|
4 |
|a Κράτος
|x κοινωνικές απόψεις
|
| 650 |
|
4 |
|a Οικονομία
|
| 650 |
|
4 |
|a Οικονομική πολιτική
|
| 650 |
|
4 |
|a Πτυχιακή εργασία
|y 2014
|
| 700 |
1 |
|
|a Ντόκας, Αλέξανδρος
|
| 710 |
0 |
|
|a ΤΕΙ Δυτικής Ελλάδας
|
| 710 |
2 |
|
|a Σ.Δ.Ο. Τμήμα Λογιστικής και Χρηματοοικονομικής
|
| 856 |
4 |
0 |
|u https://nereus.library.upatras.gr/formermes//ptyxiakes/sdo/sdo_log/2011-2015/174pe.pdf
|
| 942 |
|
|
|2 ddc
|
| 952 |
|
|
|0 0
|1 0
|2 ddc
|4 0
|7 0
|9 274588
|a MSLG
|b MSLG
|c BSC
|d 2021-01-17
|e 24
|f 0
|g 0.00
|l 0
|p 24200174
|r 2021-01-17 00:00:00
|t 1
|v 2021.00
|w 2021-01-17
|y BK15
|x 20140715 0 K.G. 0
|x GrPaTEI
|
| 971 |
|
|
|a .b25826360
|b 15-04-20
|c 13-09-16
|
| 999 |
|
|
|c 158920
|d 158920
|